000153912 001__ 153912
000153912 005__ 20250512161007.0
000153912 037__ $$aTAZ-TFG-2024-1860
000153912 041__ $$aspa
000153912 1001_ $$aGonzález Corredor, Paula
000153912 24200 $$aInternational Marketing Plan for El Mortero Alegre
000153912 24500 $$aPlan de Marketing Internacional para El Mortero Alegre
000153912 260__ $$aZaragoza$$bUniversidad de Zaragoza$$c2024
000153912 506__ $$aby-nc-sa$$bCreative Commons$$c3.0$$uhttp://creativecommons.org/licenses/by-nc-sa/3.0/
000153912 520__ $$aEste trabajo tiene como objetivo principal la elaboración de un Plan de Marketing Internacional para la empresa local del sector cárnico, El Mortero Alegre, la cual muestra un gran potencial para expandirse a nivel internacional. En primer lugar, se presenta una introducción al trabajo de campo, donde se establecen los objetivos del plan internacional y se justifica su necesidad. Se lleva a cabo un análisis exhaustivo de las oportunidades y amenazas tanto internas como externas que enfrenta la empresa en el mercado actual.<br />En segundo lugar, se fundamenta la elección del mercado exterior más atractivo para la empresa, determinado en este caso como Alemania. Se realiza un estudio detallado sobre el país objetivo, así como un análisis de los competidores presentes en dicho mercado. Se selecciona el método de entrada más adecuado para la empresa.<br />Además, se desarrolla una estrategia completa de Marketing Mix, incluyendo las medidas de control necesarias para su implementación efectiva, lo que permitirá a El Mortero Alegre aprovechar al máximo las oportunidades disponibles en el mercado internacional y establecer una presencia exitosa en Alemania.<br /><br />
000153912 521__ $$aGraduado en Marketing e Investigación de Mercados
000153912 540__ $$aDerechos regulados por licencia Creative Commons
000153912 691__ $$a0
000153912 692__ $$a
000153912 700__ $$aDelso Aranaz, María Dolores$$edir.
000153912 7102_ $$aUniversidad de Zaragoza$$bDirección de Márketing e Investigación de Mercados$$cComercialización e Investigación de Mercados
000153912 8560_ $$f797708@unizar.es
000153912 8564_ $$s964348$$uhttps://zaguan.unizar.es/record/153912/files/TAZ-TFG-2024-1860.pdf$$yMemoria (spa)
000153912 909CO $$ooai:zaguan.unizar.es:153912$$pdriver$$ptrabajos-fin-grado
000153912 950__ $$a
000153912 951__ $$adeposita:2025-05-12
000153912 980__ $$aTAZ$$bTFG$$cECON
000153912 999__ $$a20240604141749.CREATION_DATE